Gila-gila : (Record no. 135901)

MARC details
000 -LEADER
fixed length control field 00846nam a2200253 i 4500
001 - CONTROL NUMBER
control field C2-0338608
003 - CONTROL NUMBER IDENTIFIER
control field PPAK
005 - DATE AND TIME OF LATEST TRANSACTION
control field 20180728140906.0
008 - FIXED-LENGTH DATA ELEMENTS--GENERAL INFORMATION
fixed length control field 161114s2016 my a|||| ||||| | may d
020 ## - INTERNATIONAL STANDARD BOOK NUMBER
International Standard Book Number 9789674602536
040 ## - CATALOGING SOURCE
Original cataloging agency PPAK
Language of cataloging eng
Transcribing agency PPAK
Description conventions rda
082 04 - DEWEY DECIMAL CLASSIFICATION NUMBER
Classification number 741.59595
Edition number 23
090 00 - LOCALLY ASSIGNED LC-TYPE CALL NUMBER (OCLC); LOCAL CALL NUMBER (RLIN)
Classification number (OCLC) (R) ; Classification number, CALL (RLIN) (NR) 741.59595
Feature heading MUL
Feature heading G
100 0# - MAIN ENTRY--PERSONAL NAME
Personal name Muliyadi Mahamood,
Dates associated with a name 1961-
Relator term author
245 10 - TITLE STATEMENT
Title Gila-gila :
Remainder of title gaya dan tema kartun (1978 - 2008)
264 #1 - PRODUCTION, PUBLICATION, DISTRIBUTION, MANUFACTURE, AND COPYRIGHT NOTICE
Place of production, publication, distribution, manufacture Kuala Lumpur :
Name of producer, publisher, distributor, manufacturer Institut Terjemahan & Buku Malaysia Berhad ,
Date of production, publication, distribution, manufacture, or copyright notice 2016
300 ## - PHYSICAL DESCRIPTION
Extent xx, 392 pages :
Other physical details illustrations ;
Dimensions 23 cm
336 ## - CONTENT TYPE
Source rdacontent
Content type term text
337 ## - MEDIA TYPE
Source rdamedia
Media type term unmediated
338 ## - CARRIER TYPE
Source rdacarrier
Carrier type term volume
500 ## - GENERAL NOTE
General note References pages
650 10 - SUBJECT ADDED ENTRY--TOPICAL TERM
Topical term or geographic name entry element Caricatures and cartoons - History. ; Caricatures and cartoons - Malaysia. ; Cartoonist - Malaysia.
942 ## - ADDED ENTRY ELEMENTS (KOHA)
-- dc
Koha item type Book
Holdings
Withdrawn Not for loan Current library Shelving location Date acquired Total Checkouts Full call number Barcode Checked out Date last seen Date last checked out Koha item type Total Renewals
    Perpustakaan Alor Setar Pinjaman Dewasa 16/11/2016 12 741.59595 MUL A01495178 20/01/2020 30/12/2019 30/12/2019 Book  
    Perpustakaan Awam Sungai Petani Pinjaman Dewasa 16/11/2016 10 741.59595 MUL A01495179 21/06/2025 31/05/2025 31/05/2025 Book  
    Perpustakaan Baling Pinjaman Dewasa 16/11/2016   741.59595 MUL A01495182   09/05/2018   Book  
    Perpustakaan Jitra Pinjaman Dewasa 16/11/2016 4 741.59595 MUL A01495180   06/09/2023 22/08/2023 Book  
    Perpustakaan Kulim Pinjaman Dewasa 16/11/2016 8 741.59595 MUL A01495181   08/12/2025 02/12/2025 Book 1
    Perpustakaan Langkawi Pinjaman Dewasa 16/11/2016 8 741.59595 MUL A01495183   22/01/2026 11/12/2025 Book 1
    Perpustakaan Merbok Pinjaman Dewasa 16/11/2016 5 741.59595 MUL A01495184   01/06/2024 29/05/2024 Book